000 01660nam a2200445 i 4500
001 ELB43859
003 FlNmELB
006 m o d |
007 cr cnu||||||||
008 170809s2015 sp o 001 0 spa d
020 _a9788416230518 (e-book)
020 _z9788416230532
035 _a(MiAaPQ)EBC4870183
035 _a(Au-PeEL)EBL4870183
035 _a(CaPaEBR)ebr11392302
035 _a(OCoLC)1105853031
040 _aFINmELB
_bspa
_erda
_cFINmELB
050 4 _aBP49.5.M3
_bA633 2015
080 _a297
082 0 _a297.092
_223
100 1 _aAntón Pacheco, José Antonio.
245 1 0 _aIntersignos :
_baspectos de Louis Massignon y Henry Corbin /
_cJosé Antonio Antón Pacheco.
264 1 _aSevilla :
_bAthenaica Ediciones Universitarias,
_c2015.
300 _a1 recurso en línea (81 páginas)
336 _atexto
_btxt
_2rdacontent/spa
337 _acomputadora
_bc
_2rdamedia/spa
338 _arecurso en línea
_bcr
_2rdacarrier/spa
490 1 _aFilosofía de la Religión
500 _aIncluye índice.
588 _aDescripción basada en recurso en línea; Título de la página del título en PDF (e-libro, visto August 9, 2017).
590 _aRecurso electronico. Santa Fe, Arg. : e-libro, 2016. Disponible via World Wide Web. El acceso puede ser limitado para las bibliotecas afiliadas a e-libro.
600 1 0 _aMassignon, Louis,
_d1883-1962.
600 1 0 _aCorbin, Henry.
650 0 _aIslam
_xTheology.
650 4 _aIslam
_xTeología.
655 4 _aLibros electrónicos.
797 2 _ae-libro, Corp.
830 0 _aFilosofía de la Religión.
856 4 0 _uhttps://elibro.net/ereader/usam/43859
999 _c141428
_d141428